[Event "Robinson Cup U14"]
[Site "Hull"]
[Date "2024.07.23"]
[Round "2.4"]
[White "Kumar, Arnav"]
[Black "Sai, Dheeraj Vadlamudi"]
[Result "1-0"]
[WhiteElo "1803"]
[BlackElo "1461"]
[PlyCount "53"]
[EventDate "2024.07.23"]
[EventType "team-tourn"]
[EventRounds "5"]
[EventCountry "ENG"]
[SourceTitle "CBM 221 Extra"]
[Source "ChessBase"]
[SourceDate "2024.09.30"]
[SourceVersion "1"]
[SourceVersionDate "2024.09.30"]
[SourceQuality "1"]
[WhiteTeam "England"]
[BlackTeam "International"]
[WhiteTeamCountry "ENG"]

1. e4 e6 2. d4 d5 3. Nc3 Bb4 4. e5 c5 5. a3 cxd4 6. axb4 dxc3 7. bxc3 Qc7 8. Qd4 Nc6 9. Bb5 Bd7 10. Bxc6 Bxc6 11. f4 Nh6 12. Nf3 Nf5 13. Qd3 a6 14. Bd2 Bb5 15. Qxb5+ axb5 16. Rxa8+ Ke7 17. Rxh8 h6 18. g4 Ne3 19. Bxe3 Qxc3+ 20. Kf2 Qxb4 21. Ra1 Qc3 22. Ra7 Qc7 23. Raa8 Qxc2+ 24. Kg3 Qe4 25. Bc5+ Kd7 26. Rhd8+ Kc7 27. Rac8# 1-0